[Event "ICS Rated blitz match"]
[Site "204.178.125.65"]
[Date "1999.08.11"]
[Round "?"]
[White "heatstroke"]
[Black "Hossa"]
[Result "0-1"]
[WhiteElo "2756"]
[BlackElo "2499"]
[PlyCount "152"]
[EventDate "1999.??.??"]

1. d4 d5 2. Nf3 Nf6 3. Bg5 Ne4 4. Bf4 c5 5. c3 cxd4 6. Nxd4 Qb6 7. f3 Nc5 8.
Nb3 e6 9. Na3 Na4 10. Qd2 Bxa3 11. bxa3 Bd7 12. e3 Qc6 13. Rc1 b5 14. Bd3 Nc5
15. Be2 O-O 16. O-O Re8 17. Rfd1 Qb6 18. Qd4 Nba6 19. Nxc5 Nxc5 20. Rb1 Red8
21. Bg3 Be8 22. Bh4 f6 23. Qg4 Kh8 24. Bf2 e5 25. Qb4 a5 26. Qg4 h6 27. Rd2
Rab8 28. Rbd1 Bf7 29. e4 Qc6 30. exd5 Rxd5 31. Rxd5 Bxd5 32. c4 bxc4 33. Bxc4
Be6 34. Bxe6 Nxe6 35. Be3 Qc2 36. Rd2 Qc3 37. Kf2 Rb2 38. Qxe6 Rxd2+ 39. Bxd2
Qxd2+ 40. Kg3 Qc1 41. Qd6 Qf4+ 42. Kh3 Qf5+ 43. Kg3 Kh7 44. Qd5 Qf4+ 45. Kf2 a4
46. g3 Qf5 47. Ke3 Qc2 48. Qe4+ Qxe4+ 49. Kxe4 h5 50. Kf5 g5 51. h3 Kg7 52. Ke4
Kf7 53. Kd5 Ke7 54. g4 hxg4 55. hxg4 Kd7 56. Ke4 Ke6 57. Kd3 Kd5 58. Ke3 e4 59.
fxe4+ Ke5 60. Kd3 Kf4 61. Kd4 Kxg4 62. e5 fxe5+ 63. Kxe5 Kf3 64. Kd5 g4 65. Kd4
g3 66. Kd5 g2 67. Kc4 g1=Q 68. Kb5 Qb1+ 69. Kc6 Qxa2 70. Kd7 Qxa3 71. Ke6 Ke4
72. Kd7 Kd5 73. Kc7 Qb3 74. Kd7 Qb7+ 75. Ke8 Ke6 76. Kf8 76... Qf7# {
heatstroke checkmated} 0-1

[Event "ICS Rated blitz match"]
[Site "204.178.125.65"]
[Date "1999.08.11"]
[Round "?"]
[White "Hossa"]
[Black "Panthee"]
[Result "1-0"]
[WhiteElo "2525"]
[BlackElo "2267"]
[PlyCount "49"]
[EventDate "1999.??.??"]

1. d4 Nf6 2. c4 g6 3. Nc3 d5 4. e3 Bg7 5. Nf3 O-O 6. cxd5 Nxd5 7. e4 Nxc3 8.
bxc3 c5 9. Be3 Nc6 10. Be2 Bg4 11. Rb1 Bxf3 12. Bxf3 cxd4 13. cxd4 Nxd4 14. O-O
Nxf3+ 15. Qxf3 b6 16. Rfd1 Qc8 17. Bg5 Qb7 18. Rb3 Rfd8 19. Rbd3 Rxd3 20. Qxd3
h6 21. Be3 Rc8 22. Qd7 Qc7 23. f3 Kh7 24. Qg4 Qe5 25. Qxc8 {Panthee resigns}
1-0

[Event "ICS Rated blitz match"]
[Site "204.178.125.65"]
[Date "1999.08.11"]
[Round "?"]
[White "MissSilicon"]
[Black "Hossa"]
[Result "1-0"]
[WhiteElo "2646"]
[BlackElo "2531"]
[PlyCount "149"]
[EventDate "1999.??.??"]

1. f4 Nf6 2. Nf3 Nc6 3. e3 e6 4. Bb5 d5 5. Ne5 Bd7 6. Nxd7 Nxd7 7. O-O Bd6 8.
Nc3 Ne7 9. d4 O-O 10. Bd3 c5 11. Nb5 Nf6 12. c3 a6 13. Nxd6 Qxd6 14. dxc5 Qxc5
15. Qc2 Rac8 16. Bd2 Nc6 17. Rac1 Qd6 18. c4 Rfe8 19. c5 Qe7 20. Rf3 Red8 21.
Rh3 h5 22. b4 e5 23. Bf5 Rc7 24. Bc3 d4 25. exd4 Nxd4 26. Bxd4 exd4 27. Qd2 Qf8
28. a3 Rd5 29. Bd3 Re7 30. c6 Qb8 31. cxb7 Qxb7 32. Qc2 Re8 33. Qa4 Re6 34. f5
Red6 35. Be4 Qb5 36. Qxb5 Rxb5 37. Bd3 Rb8 38. Rc5 Ra8 39. Kf1 Kf8 40. Ke1 Ra7
41. Rc8+ Ke7 42. Rg3 Ng4 43. h3 Ne5 44. Bf1 Kf6 45. h4 Nc6 46. Rg5 g6 47. fxg6
fxg6 48. Rc5 Ne5 49. Kd2 Re6 50. Rd8 Nd7 51. Rd5 Ke7 52. Rh8 Re4 53. Rh7+ Ke6
54. Rg5 Rg4 55. Bc4+ Kd6 56. Rxg4 hxg4 57. Rg7 g5 58. Rg6+ Ke5 59. Rxg5+ Kf4
60. Rg7 Ne5 61. Rxa7 Nxc4+ 62. Ke2 Ne3 63. h5 Kg5 64. Rxa6 Kxh5 65. b5 Nf5 66.
Re6 Nh4 67. b6 Kg5 68. b7 Kf5 69. Rd6 Nxg2 70. b8=Q Nf4+ 71. Kd2 Ne6 72. Qc8
Kg5 73. Qxe6 g3 74. Rd5+ Kf4 75. Qf5# {Hossa checkmated} 1-0

[Event "ICS rated blitz match"]
[Site "204.178.125.65"]
[Date "1999.08.11"]
[Round "?"]
[White "Hossa"]
[Black "MissSilicon"]
[Result "0-1"]
[WhiteElo "2520"]
[BlackElo "2657"]
[PlyCount "143"]
[EventDate "1999.??.??"]

1. d4 d5 2. c4 e6 3. Nc3 Nf6 4. cxd5 exd5 5. Bg5 Bb4 6. e3 h6 7. Bxf6 Qxf6 8.
Rc1 O-O 9. Qb3 Qd6 10. a3 Bxc3+ 11. Rxc3 Nd7 12. Bd3 c5 13. Qc2 c4 14. Bh7+ Kh8
15. Bf5 g6 16. Bxd7 Bxd7 17. Ne2 Bf5 18. Qd2 Rae8 19. O-O Re7 20. e4 Bxe4 21.
Qxh6+ Kg8 22. Rh3 f6 23. Nc3 Bd3 24. Rxd3 cxd3 25. Qxg6+ Kh8 26. Qxd3 Rd8 27.
Qf5 Qe6 28. Qh5+ Kg7 29. b3 a6 30. a4 f5 31. Nd1 Qg6 32. Qh4 Ree8 33. Ne3 Rd7
34. Qf4 Kf6 35. f3 Rdd8 36. g4 Qg5 37. Qxg5+ Kxg5 38. Nxf5 Re2 39. h4+ Kf4 40.
Rf2 Re1+ 41. Kg2 Rde8 42. a5 Rb1 43. Nd6 Ree1 44. Nf7 Rg1+ 45. Kh3 Ke3 46. Rg2
Rgf1 47. Ne5 Rxb3 48. Ra2 Kxd4 49. Kg2 Rbb1 50. Ng6 Rg1+ 51. Kh3 Ke3 52. f4 d4
53. g5 d3 54. Ra3 Ra1 55. Rb3 Ke2 56. f5 Rgf1 57. Ne5 d2 58. Rb2 Ra3+ 59. Kg4
Ra4+ 60. Kh5 Rxf5 61. Ng4 Kd3 62. Rb1 Rff4 63. Ne5+ Kc2 64. Rg1 d1=Q+ 65. Rxd1
Rxh4+ 66. Kg6 Kxd1 67. Nf3 Rhe4 68. Kh7 Ra3 69. g6 Rxf3 70. g7 Rh4+ 71. Kg6 Rh1
72. g8=N {Hossa resigns} 0-1

[Event "ICS rated bullet match"]
[Site "204.178.125.65"]
[Date "1999.08.11"]
[Round "?"]
[White "Hossa"]
[Black "JSBach"]
[Result "1-0"]
[WhiteElo "2329"]
[BlackElo "2126"]
[PlyCount "59"]
[EventDate "1999.??.??"]

1. d4 d5 2. c4 dxc4 3. e4 Nf6 4. e5 Nd5 5. Bxc4 e6 6. Nf3 Bd7 7. Bg5 Bb4+ 8.
Nbd2 f6 9. exf6 gxf6 10. Qe2 fxg5 11. Bxd5 Nc6 12. Bxe6 Be7 13. Rc1 Qc8 14.
Nxg5 Bxg5 15. Bxd7+ Kxd7 16. Qg4+ Ke8 17. Qxg5 Qd7 18. d5 Ne7 19. Qe5 Rg8 20.
Ne4 Kf8 21. Rxc7 Qe8 22. Nf6 Qd8 23. Nxg8 Kxg8 24. O-O Nf5 25. Qe6+ Kh8 26. Qf7
Qh4 27. Re1 Ne7 28. Rexe7 Qxe7 29. Rxe7 Rc8 30. Qxh7# {JSBach checkmated} 1-0

[Event "ICS rated blitz match"]
[Site "204.178.125.65"]
[Date "1999.08.11"]
[Round "?"]
[White "libertad"]
[Black "Hossa"]
[Result "0-1"]
[WhiteElo "2107"]
[BlackElo "2510"]
[PlyCount "90"]
[EventDate "1999.??.??"]

1. e4 c6 2. d4 d5 3. e5 Bf5 4. f4 Nd7 5. Nf3 e6 6. Bd3 Bxd3 7. Qxd3 Be7 8. O-O
Nh6 9. Be3 O-O 10. Nbd2 Ng4 11. h3 Nxe3 12. Qxe3 f6 13. c3 fxe5 14. fxe5 Bh4
15. Nxh4 Qxh4 16. Rxf8+ Rxf8 17. Rf1 Rxf1+ 18. Nxf1 c5 19. Qg3 Qxg3 20. Nxg3 a5
21. Ne2 b5 22. Kf2 c4 23. Ke3 g5 24. b3 cxb3 25. axb3 a4 26. bxa4 bxa4 27. Kd3
Nb6 28. Nc1 Kf7 29. Na2 h5 30. Nb4 Nc4 31. Na2 Ke8 32. Kc2 Ne3+ 33. Kd3 Nxg2
34. c4 Nf4+ 35. Kc3 Nxh3 36. cxd5 g4 37. Nb4 g3 38. dxe6 g2 39. d5 g1=Q 40. d6
Qc5+ 41. Kd3 Nf4+ 42. Ke4 Qxb4+ 43. Kf5 Qd4 44. d7+ Ke7 45. d8=Q+ 45... Kxd8 {
libertad resigns} 0-1

[Event "ICS Rated blitz match"]
[Site "204.178.125.65"]
[Date "1999.08.11"]
[Round "?"]
[White "Hossa"]
[Black "libertad"]
[Result "1-0"]
[WhiteElo "2513"]
[BlackElo "2104"]
[Annotator "Fritz 5.32 (19s)"]
[PlyCount "23"]
[EventDate "1999.??.??"]

1. d4 1... Nf6 {Opening = E81 - 5.f3 0-0(6.Be3 ---)} 2. c4 g6 3. Nc3 d6 4. e4
Bg7 5. f3 O-O 6. Bg5 c6 7. Qc2 $146 (7. Bd3 Nfd7 8. Nge2 c5 9. d5 Ne5 10. O-O
Na6 11. f4 Nxd3 12. Qxd3 Nc7 13. f5 a6 14. a4 b6 15. Qd2 Ne8 16. Bh6 Nf6 17.
Bxg7 Kxg7 18. Nc1 Bd7 19. Nd3 b5 20. axb5 axb5 21. Rxa8 21... Qxa8 {
Temirbaev,S-Beltugov,E/5th stage Russia Cup, Ekaterinburg RUS 1997/1-0 (42)}) (
7. Qd2 a6 (7... e5 8. Nge2 (8. d5 cxd5 9. cxd5 Na6 10. Nge2 Bd7 11. g4 h6 12.
Be3 h5 13. h3 Nh7 14. O-O-O h4 15. Kb1 Bf6 16. Rc1 Bg5 17. f4 exf4 18. Nxf4 Re8
19. Bg2 Rc8 20. Rhf1 Nc5 21. Nd3 Bxe3 22. Qxe3 22... Nxd3 {
Petronic,J-Couso,L/26th Rilton Cup, Stockholm SWE 1997/ - (60)}) 8... Na6 9. d5
Qc7 10. Rc1 Ne8 11. Ng3 f6 12. Bh6 Bxh6 13. Qxh6 c5 14. Bd3 Qg7 15. Qd2 Bd7 16.
f4 f5 17. exf5 gxf5 18. fxe5 dxe5 19. O-O e4 20. Bb1 Qd4+ 21. Qxd4 cxd4 22.
Nce2 d3 23. Nd4 Ng7 24. Kf2 Nc5 25. Ke3 Na4 26. b3 f4+ 27. Rxf4 Rxf4 28. Kxf4
d2 29. Rh1 Nb2 30. Bc2 Rf8+ 31. Ke3 Bg4 32. Kxd2 Rf2+ 33. Kc3 {
1-0 Kolly,J-Bischoff,P/Bern SUI 1999 (33)}) 8. Bd3 (8. Rc1 b5 9. b3 Nbd7 10.
Nh3 e5 11. d5 cxd5 12. cxd5 Nc5 13. Nf2 Qa5 14. Be2 Bd7 15. O-O Rfc8 16. Rc2
Rc7 17. Rb1 Qb6 18. b4 Na4 19. Nxa4 bxa4 20. Rxc7 Qxc7 21. Be3 Qb7 22. Rc1
22... Ne8 {Berezin,O-Sinkovics,P/Spring Festival, Budapest HUN 1997/1-0 (37)})
8... b5 9. Nge2 Nbd7 10. O-O Bb7 11. b3 Qb6 12. Be3 Qc7 13. Kh1 bxc4 14. bxc4
c5 15. Nd5 Qd8 16. Rab1 cxd4 17. Bxd4 Bc8 18. Bc3 Nxd5 19. Bxg7 Kxg7 20. cxd5
Nc5 21. Nd4 21... Bd7 {
Novikov,I-Nedela,V/op, Cappelle La Grande (7) 1996/1-0 (41)}) 7... e5 $14 (7...
Qa5 8. Qd2 $11) 8. O-O-O $11 (8. Nge2 Qa5 9. d5 9... b5 $11) 8... exd4 9. Rxd4
Qc7 10. Rd1 Be6 11. Qd2 11... Rd8 $2 $18 (11... Qa5 $14 $142 {
sieht noch spielbar aus}) 12. e5 (12. e5 Nbd7 13. exf6 (13. Bxf6 $143 13...
Nxf6 14. exf6 14... Bxf6 $18) 13... Bxf6 14. h4 $18) 1-0

[Event "ICS Rated blitz match"]
[Site "204.178.125.65"]
[Date "1999.08.11"]
[Round "?"]
[White "Secret"]
[Black "Hossa"]
[Result "1-0"]
[WhiteElo "2470"]
[BlackElo "2516"]
[Annotator "Fritz 5.32 (19s)"]
[PlyCount "100"]
[EventDate "1999.??.??"]

1. Nf3 1... b6 {Opening = A04 - 1.Nf3 ---} 2. g3 Bb7 3. Bg2 e6 4. O-O d5 (4...
f5 5. c4 Nf6 6. Nc3 g6 7. d3 Bg7 8. Re1 O-O 9. e4 fxe4 10. dxe4 Nc6 11. Bf4 Ng4
12. Qd2 d6 13. Rad1 Qe7 14. Qe2 Nge5 15. Be3 Nxf3+ 16. Bxf3 Bxc3 17. bxc3 Ne5
18. Bg2 Ba6 19. Bh6 {Vaganian,R-Shabalov,A/NY Open, New York USA 1997/0-1 (59)}
) 5. d4 c5 (5... Be7 6. b3 Nd7 7. c4 Ngf6 8. Bb2 O-O 9. Nc3 Re8 10. Ne5 Nxe5
11. dxe5 Ne4 12. Qc2 Nxc3 13. Bxc3 Rc8 14. Rad1 c6 15. e4 Qc7 16. f4 Bf8 17. f5
Rcd8 18. Kh1 b5 19. Bb2 bxc4 20. bxc4 Qa5 21. fxe6 fxe6 22. Qf2 Qc7 23. exd5
cxd5 24. cxd5 Bxd5 25. Bd4 a6 26. Bb6 Bxg2+ 27. Kxg2 Qb7+ 28. Kh3 {
- Nieland,K-Hjorth,O/Bad Zwesten GER 1999 (28)}) 6. dxc5 $146 (6. b3 Nd7 7. Bb2
Ngf6 8. e3 Be7 9. Nbd2 Rc8 10. c4 O-O 11. Rc1 11... Re8 {
- Velasco Gonzales,J-Anguas,S/ESP-tt B, Oropesa del Mar ESP 1996 (11)}) 6...
Bxc5 7. c4 Ne7 8. cxd5 exd5 9. b4 Bd6 10. b5 O-O 11. Nd4 Qd7 12. Bb2 Rc8 13.
Nc3 Be5 14. Na4 14... Rc4 {Der Turm ist hier stark postiert} 15. Rb1 Bxd4 16.
Bxd4 {Der Laeufer ist gut postiert} 16... Qg4 17. f4 Nd7 18. Nb2 Rc7 19. e3 Qf5
20. Rc1 Rxc1 21. Qxc1 Rc8 22. Qb1 Qxb1 23. Rxb1 Rc2 24. g4 Nc5 25. Rf1 {
Weiss plant f5} 25... Bc8 26. f5 {Weiss gewinnt Raum} 26... Bd7 27. a4 Nb3 28.
Nd3 Rd2 29. Ne5 Be8 30. Bc3 $15 (30. Rf2 Rd1+ 31. Rf1 Rxf1+ 32. Kxf1 Nxd4 33.
exd4 33... Kf8 $11) 30... Re2 31. Re1 Ra2 32. Rd1 $15 (32. Bb4 Nc5 33. Rc1 Rxa4
34. Bxc5 bxc5 35. Rxc5 35... Kf8 $11) 32... f6 33. Bb4 Nc5 34. Nc6 {
Der weisse Springer auf dem Vorposten c6} 34... Bxc6 35. bxc6 Rxa4 36. Bxc5
bxc5 37. Bxd5+ Kf8 38. Bf3 (38. c7 Rxg4+ 39. Kf1 39... g5 $18) 38... h5 $2 (
38... Nxc6 $142 39. Bxc6 Rxg4+ 40. Kf2 40... g6 $18) 39. Rd8+ ({Schlechter ist
} 39. gxh5 39... Nxc6 (39... Nxf5 40. c7 Ne7 41. Rd8+ Kf7 42. Bd5+ Nxd5 43.
c8=Q $18) 40. Bxc6 40... Ra2 $18) 39... Kf7 40. c7 (40. gxh5 $6 40... Ra1+ (
40... Nxf5 41. c7 Ra1+ 42. Kg2 Ra2+ 43. Kh3 $18) 41. Kg2 Ra2+ (41... Nxf5 42.
c7 Ra2+ 43. Kh3 $18) 42. Kg3 Nxc6 43. Bxc6 43... a5 $18) 40... Ra1+ 41. Kf2
Ra2+ 42. Kg3 {Droht Matt: Bd5} 42... h4+ 43. Kh3 Ra3 44. Rd7 $1 {
logisch und kraftvoll} 44... Rxe3 45. c8=Q {Es droht Matt} 45... Rxf3+ 46. Kxh4
46... Rd3 $5 47. Rxa7 $1 {das war die Absicht. Droht Matt: Qe6} 47... Re3 48.
Qh8 $1 {glaenzend gespielt. Mit der Mattdrohung Qh5} 48... g6 49. Qh7+ Ke8 50.
fxg6 Nf5+ 1-0

[Event "ICS Rated blitz match"]
[Site "204.178.125.65"]
[Date "1999.08.11"]
[Round "?"]
[White "Hossa"]
[Black "Secret"]
[Result "0-1"]
[WhiteElo "2498"]
[BlackElo "2488"]
[Annotator "Fritz 5.32 (19s)"]
[PlyCount "98"]
[EventDate "1999.??.??"]

1. d4 1... d5 {Opening = D24 - 4.Nc3} 2. c4 dxc4 3. Nf3 Nf6 4. Nc3 a6 5. e4 b5
6. Bg5 $146 (6. e5 Nd5 7. a4 e6 (7... Nb4 8. Be2 Bf5 9. O-O Nc2 10. Ra2 Nb4 11.
Ra1 Nc2 12. Ra2 12... Nb4 {
- Ehlvest,J-Sadler,M/FIDE WCh KO, Groningen NED (2.4) 1997 (12)}) (7... Bb7 8.
e6 (8. axb5 Nxc3 9. bxc3 axb5 10. Rxa8 Bxa8 11. e6 f6 12. Be2 g6 13. O-O Bg7
14. Bf4 Bd5 15. Qa1 O-O 16. Qa7 c6 17. Ra1 Bxe6 18. Qb7 Qc8 19. Qxe7 Re8 20.
Qb4 Nd7 21. Nd2 Nb6 22. Qa3 Bd5 23. Bf3 Bxf3 24. Nxf3 Nd5 25. Bg3 Bf8 26. Qb2
Qf5 27. Qd2 Qd3 28. Qxd3 cxd3 29. Rd1 Nxc3 30. Rxd3 b4 31. Kf1 Ra8 32. Ne1 Ra1
33. Bf4 b3 34. Rxc3 Bb4 35. Bd2 35... b2 {
0-1 Van Parreren,H-Thorsteinsson,E/op, Reykjavik ICE (6) 1996 (35)}) 8... fxe6
9. Ne5 Nxc3 10. bxc3 g6 11. axb5 axb5 12. Rxa8 Bxa8 13. Bxc4 bxc4 14. Qa4+ Bc6
15. Nxc6 Qd7 16. Qa8 Qxc6 17. Qxb8+ Kf7 18. O-O Bg7 19. Qb4 Qd5 20. Bf4 Rc8 21.
Be3 e5 22. Rc1 {Florean,A-Fedorchuk,S/Calicut IND 1998/0-1 (40)}) 8. axb5 Bb4 (
8... Nb6 9. Be2 Be7 10. O-O Bb7 11. bxa6 Rxa6 12. Rxa6 Nxa6 13. Na4 Qd5 14. Ne1
Qc6 15. Nxb6 cxb6 16. Bf3 Qd7 17. b3 cxb3 18. Qxb3 Bxf3 19. Nxf3 Nb4 20. Ba3
Nd5 21. Bxe7 Qxe7 22. Qa4+ Qd7 23. Qa8+ Qd8 24. Qc6+ Qd7 25. Qa8+ {
- Van Wely,L-Miles,A/30th Capablanca Memorial Tournament, Ma 1995 (25)}) 9. Qc2
Nb6 10. Qe4 Qd5 11. Qg4 axb5 12. Rxa8 Qxa8 13. Be2 O-O 14. O-O Kh8 15. Ng5 h6
16. Qh5 Kg8 17. Nge4 Bxc3 18. Nf6+ gxf6 19. Bf3 Qa4 20. Be4 Bb7 21. exf6 {
1-0 Khenkin,I-Gurevich,G/Israeli National Championships, Ramat-G 1994 (21)})
6... h6 7. Bxf6 7... exf6 {Deckt e5+g5} 8. Nh4 $17 (8. a4 8... Bb7 $11) 8...
Bb4 9. a3 Bxc3+ 10. bxc3 Qe7 11. Qe2 c5 12. d5 O-O 13. Nf3 Bb7 (13... Re8 14.
Nd2 $19) 14. Nd2 f5 15. exf5 Qf6 (15... Re8 16. Kd1 $19) 16. Ne4 Qe5 17. f4
Qxf4 18. Rd1 Rd8 19. Nxc5 Bxd5 (19... Rxd5 $5 20. Rxd5 Bxd5 21. Qe8+ Kh7 22.
Ne6 Bxe6 23. fxe6 Qe3+ 24. Be2 fxe6 25. Kf1 Qxc3 26. Qxe6 $19) 20. Nb7 20...
Rd7 {Nun geraet Weiss unter starken Druck.} (20... Bxb7 21. Rxd8+ Kh7 22. Qe8
Qc1+ 23. Kf2 Qc2+ 24. Be2 Qxf5+ 25. Bf3 Qc2+ 26. Kg3 Bxf3 27. Qg8+ Kg6 28. gxf3
$16) 21. Nc5 Rd6 22. a4 bxa4 23. Nxa4 Qxf5 24. Qe8+ Kh7 25. Nc5 Rc6 (25... Nd7
$142 {ginge schneller} 26. Qe7 Rf6 27. Rxd5 Qxd5 28. Qe4+ Qxe4+ 29. Nxe4 $19)
26. Qe3 (26. Qe7 {kann das Vorangegangene nicht ungeschehen machen} 26... Rf6
27. Qe3 27... Nd7 $19) 26... Nd7 27. g4 27... Qf3 {Mit der Mattdrohung Qxe3} (
27... Bxh1 28. gxf5 Nxc5 29. Bxc4 $14) 28. Qxf3 Bxf3 29. Rxd7 Bxh1 (29... Rxc5
$6 30. Rg1 $19) 30. Nb7 Re6+ 31. Kf2 (31. Kd2 {nuetzt auch nichts mehr} 31...
Rb8 32. Bxc4 Bxb7 33. Bxe6 33... fxe6 $19) 31... Rb8 (31... Rf6+ {
erleichterte Schwarz die Gewinnfuehrung} 32. Kg1 Bc6 33. Rc7 $19) 32. Bg2 Bxg2
33. Kxg2 Re2+ 34. Kg3 Re3+ 35. Kf2 Rxc3 36. Rxf7 Kg6 37. Rc7 Rf8+ 38. Kg2 (38.
Ke2 {aendert nichts am Ausgang der Partie} 38... Rf4 39. Rc6+ Kg5 40. Rxa6
40... Rxg4 $19) 38... Rf6 39. Na5 Rf4 40. h3 40... Rd4 {Droht Matt: Rd2} 41.
Kf1 (41. Rc6+ {aendert nichts mehr} 41... Kh7 42. Nxc4 Rc2+ 43. Kf3 43... Rcxc4
$19) 41... Rd2 {Es droht Matt} 42. Rc6+ Kg5 43. Rc5+ Kh4 44. Re5 44... Rh2 {
Droht Matt: Kg3} 45. Re1 45... Rf3+ $19 (45... Rcc2 46. Kg1 Rhg2+ 47. Kh1 Kxh3
48. Re3+ Rg3 49. Rxg3+ Kxg3 50. Nb3 cxb3 51. Kg1 Rc1#) 46. Kg1 46... Kxh3 $1 {
die Entscheidung} 47. g5 (47. Nxc4 {macht keinen grossen Unterschied} 47...
Rg2+ 48. Kh1 Rfg3 49. Nd6 Rh2#) 47... Rg2+ 48. Kh1 Rfg3 49. g6 (49. Nxc4 {
aendert den traurigen Lauf der Dinge nicht} 49... Rh2#) 49... Rh2# 0-1

[Event "ICS Rated blitz match"]
[Site "204.178.125.65"]
[Date "1999.08.11"]
[Round "?"]
[White "libertad"]
[Black "Hossa"]
[Result "0-1"]
[WhiteElo "2101"]
[BlackElo "2482"]
[Annotator "Fritz 5.32 (19s)"]
[PlyCount "78"]
[EventDate "1999.??.??"]

1. d4 1... d5 {Opening = D35 - 3.Nc3 Nf6(4.cd5 ed5 5.Bg5 c6 6.---)} 2. c4 e6 3.
Nc3 Nf6 4. Nf3 c6 5. cxd5 exd5 6. Bg5 Be7 7. e3 Ne4 (7... Bf5 8. Bd3 Bxd3 9.
Qxd3 Nbd7 10. O-O O-O 11. Rab1 {
- Sherbakov,R-Novikov,I/op, Calcutta IND (8) 1996 (11)}) (7... O-O 8. Bd3 h6 9.
Bh4 Nbd7 10. O-O Re8 11. Rc1 11... b6 {
- Szabo,Z-Czebe,A/FSIM Feb, Budapest HUN 1997 (11)}) 8. Bxe7 Qxe7 9. Bd3 $146 (
9. Qc2 O-O 10. Bd3 Re8 (10... f5 11. O-O Be6 12. Rab1 c5 13. dxc5 Nxc5 14. Nd4
Nxd3 15. Qxd3 Nc6 16. Nxe6 Qxe6 17. Qxd5 Qxd5 18. Nxd5 Rad8 19. Rfd1 Rf7 20.
Nc3 Re8 21. Rd2 f4 22. exf4 Rxf4 23. Re2 Rxe2 24. Nxe2 Rc4 25. Rc1 Rb4 26. Rc2
a5 27. f3 a4 28. a3 Rb6 29. Nc3 Ra6 30. Re2 Na7 31. Re4 b5 32. Rb4 Ra5 33. Kf2
Kf7 34. Ke3 Ke6 35. Ke4 Kd6 36. Rd4+ Kc5 37. Rd7 Kc4 38. Rc7+ Kb3 39. Nd1 b4
40. axb4 Kxb4 41. Rxg7 Nb5 42. Rb7 Kc4 43. Ne3+ Kb3 44. Kd5 Ka2 45. Nc4 Nc3+
46. Kc6 Ra6+ 47. Rb6 Rxb6+ 48. Kxb6 Kb3 49. Kc5 Nd1 50. Kb5 Nxb2 51. Nxb2 a3
52. Nd3 {1-0 Matyska,J-Havrlik,P/op, Prague CZE 1996 (52)}) 11. O-O Bf5 12.
Bxe4 dxe4 13. Nd2 Bg6 14. Rab1 Nd7 15. b4 Rad8 16. Rfc1 Nf6 17. Na4 Rd5 18. Nc5
Rh5 19. Nf1 h6 20. Qa4 Ng4 21. h3 Nf6 22. Qxa7 Nh7 23. Qxb7 23... Qh4 {
Hilmarsson,A-Persson,R/Politiken, Copenhagen DEN (4) 1996/1-0 (38)}) 9... Bg4
10. O-O Bxf3 (10... O-O 11. Re1 $11) 11. gxf3 (11. Qxf3 Nd2 12. Qh3 Nxf1 13.
Qc8+ Qd8 14. Qxb7 Nd7 15. Rxf1 15... O-O $14) 11... Nd6 12. e4 O-O 13. Kh1 Qh4
14. e5 {Raumvorteil} 14... Nc8 15. Rc1 15... Re8 $11 (15... f6 16. f4 $15) 16.
Bb1 $15 (16. Qd2 16... Nd7 $11 (16... Qxd4 $4 {
der kann natuerlich nicht genommen werden} 17. Bxh7+ Kxh7 18. Qxd4 $18)) 16...
f6 $11 (16... Ne7 17. Qd2 $15) 17. exf6 Qxf6 18. Qd3 Qh4 19. Rce1 Rf8 20. Rg1
Nd7 21. Rg4 21... Qh3 {Isolierte Bauern sind verwundbar} 22. Rg3 Qh5 23. Reg1 {
Es droht Matt} 23... Rf7 24. Ne2 $11 (24. Qf1 Qh4 25. Rh3 Qxd4 26. Bxh7+ (26.
Rxh7 $143 26... Nf8 (26... Rxf3 $4 {der Bauer ist nicht zu nehmen} 27. Rgxg7+
Qxg7 28. Rxg7+ Kxg7 29. Qg2+ Kf7 30. Qxf3+ Nf6 31. h4 $18) 27. Qh3 Nxh7 28.
Bxh7+ 28... Kf8 $15) 26... Kf8 27. Bg6 $18) 24... Nd6 $16 (24... Nf8 $5 $11 {
muss unbedingt geprueft werden}) 25. Nf4 $1 {weise Rueckgabe des Materials}
25... Qh6 {Schwarz haelt das Heft fest in der Hand} 26. Ne6 {Wird g7 fallen?}
26... Ne4 (26... Qxe6 $4 {der Springer darf nicht angetastet werden} 27. Qxh7+
Kf8 28. Qh8+ Ke7 29. Qxa8 $18) 27. Rxg7+ $15 (27. fxe4 Qxe6 28. e5 $16) 27...
Rxg7 {Droht Matt: Nxf2} 28. Rxg7+ Qxg7 29. fxe4 dxe4 30. Qxe4 Nf6 31. Qf5 Qh6
32. Ng5 Re8 33. Bd3 Re1+ 34. Kg2 Qg7 35. Bc4+ Kh8 36. Kf3 36... Qg6 {
Es droht Matt} 37. Qc8+ $4 $19 (37. Nf7+ $142 {war noch moeglich} 37... Kg7 38.
Nd6 $15) 37... Re8 38. Ne6 (38. Nf7+ {ist der letzte Strohhalm} 38... Qxf7 39.
Bxf7 Rxc8 40. Kf4 $19) 38... Qe4+ 39. Kg3 {Droht Qxe8} 39... Qg4# 0-1